| 000 | 00384nam a2200145Ia 4500 | ||
|---|---|---|---|
| 003 | GCL | ||
| 008 | 140319s9999 xx 000 0 eng d | ||
| 040 |
_aGCL / _cGCL |
||
| 082 | 0 | 4 |
_a650.1 _bP B |
| 100 | 1 | _aPRIDE,WILLIAM M | |
| 245 | 1 | 0 |
_aBUSINESS / _cPRIDE,WILLIAM M |
| 700 | 1 | _aHUGHES,ROBERT J | |
| 700 | 1 | _aKAPPOR, JACK R | |
| 260 |
_a[S.N] : _bHOUGHTON MIFFLIN COMPANY ، _c1993 |
||
| 999 |
_c16541 _d16541 |
||